Educación virtual como complemento de la educación formal y continuada (Registro nro. 16845)
[ vista simple ]
| 000 -LEADER | |
|---|---|
| fixed length control field | 00532 a2200157 4500 |
| 001 - CONTROL NUMBER | |
| control field | ART_7303 |
| 005 - DATE AND TIME OF LATEST TRANSACTION | |
| control field | 20260410161720.0 |
| 008 - FIXED-LENGTH DATA ELEMENTS--GENERAL INFORMATION | |
| fixed length control field | 260409a |
| 100 1# - MAIN ENTRY--PERSONAL NAME | |
| Personal name | Viegas, Juan Carlos |
| 245 10 - TITLE STATEMENT | |
| Title | Educación virtual como complemento de la educación formal y continuada |
| 700 1# - ADDED ENTRY--PERSONAL NAME | |
| Personal name | Fronti de García, Luisa |
| 700 1# - ADDED ENTRY--PERSONAL NAME | |
| Personal name | Suárez Kimura, Elsa Beatriz |
| 700 1# - ADDED ENTRY--PERSONAL NAME | |
| Personal name | Scavone, Graciela María |
| 700 1# - ADDED ENTRY--PERSONAL NAME | |
| Personal name | García Fronti, Inés M. |
| 773 0# - HOST ITEM ENTRY | |
| Title | Contabilidad y auditoría |
| Related parts | - Año 7, Nº 14 (dic. 2001) |
| Record control number | REV1723 |
No hay ítems disponibles.